| 000 | 00529nam a2200217Ia 4500 | ||
|---|---|---|---|
| 005 | 20260220075227.0 | ||
| 008 | 008 250917s9999 xx 000 0 eng d | ||
| 020 | _a978-81-203-2038-3 | ||
| 037 | _cDSWL | ||
| 040 |
_aDSWL _beng _cDSWL |
||
| 041 |
_aeng _2eng |
||
| 084 | _qDSWL | ||
| 100 | _aMangal, S K | ||
| 245 | 0 | _aAdvanced educational psychology | |
| 250 | _a2nd | ||
| 260 |
_a Delhi, _bPHI Learning, _c2022 |
||
| 300 | _axvi,520p. | ||
| 365 |
_aINR _b495 |
||
| 942 |
_cTEXL _2CC |
||
| 999 |
_c1463827 _d1463827 |
||